| 000 | 00569nam a2200169 a 4500 | ||
|---|---|---|---|
| 001 | 000038840 | ||
| 005 | 20201002031405.0 | ||
| 008 | 130426s1973 sp a 000 0 spa d | ||
| 040 |
_aDO-SdBNP _bspa _cBNPHU |
||
| 100 | 1 |
_aPalacios, Mariano _965126 |
|
| 245 | 1 | 3 |
_aEl monasterio de Santo Domingo de silos / _cMariano Palacios. |
| 260 |
_aMadrid : _bEspañolas , _c1973. |
||
| 300 |
_a54 p. : _bil. ; _c21 cm. |
||
| 490 | 1 |
_aColección temas españoles _v536 |
|
| 500 | _aIX Centenario de la muerte del Santo (1073-1973) | ||
| 830 | 0 |
_aColección temas españoles _n536 _965127 |
|
| 999 |
_c38330 _d38330 |
||